000 00329nam a22001457a 4500
008 230127b ||||| |||| 00| 0 eng d
020 _a12951968
041 _aeng
080 _2VOLUME 51
_a573
082 _a573MAN
100 _a17
101 _aMICR
245 _aBRITISH MYCOLOGICAL SOCIETY
_cMANNERS G J
942 _2udc
_cBK
999 _c59289
_d59289